000 00777nam a22002537a 4500
001 000771
003 DO-SdBNP
005 20171201082836.0
007 000771
008 161129b 1998 sp a ||||| |||| 00| 0 spa d
020 _a9590800122
040 _aBPMSU
_bspa
_cBPMSU
082 _axxxx
_bxxxx
100 1 _aMartín Verrier, Josefina
245 1 0 _aLa ballena negra /
_cJosefina Martín Verrier ; ilustraciones de Rosa Salgado.
260 _aCiudad de La Habana, Cuba :
_bGente Nueva,
_c[1992?].
300 _a21 páginas no numeradas:
_bil. ;
_c24 cm.
490 1 _aBiblioteca escolar
700 1 2 _aSalgado, Rosa
830 0 _aBiblioteca escolar.
942 _2ddc
_cBK
945 _ainventariado extranjero / DG
956 _2LOPEREZ
_310
_620161130
_8BPMSU
_a00041
999 _c12178
_d12178